000 00496nam a2200181Ia 4500
005 20250326143245.0
008 250326s9999 xx 000 0 und d
037 _aTextbook
040 _aFMSL
_beng
_cFMSL
041 _aeng
_2eng
084 _aX:935 P1
_qFMSL
100 _aEpstein R
_9747719
245 0 _aBig book of motivation games
_cEpstein R; Rogers J
260 _aN
_bN, D Tata McGraw Hill
_c2001
300 _a224p
942 _cTB
_hX:935 P1
999 _c1298806
_d1298806